000 00704nam a2200169Ia 4500
008 090711s9999 xx 000 0 und d
082 _b56263
100 _aजायस्वाल जयनारायण
245 _aSाुंबक िSाकित्सा शास्त्र व प्रयोग
260 _c1986
300 _a100
600 _aजायस्वाल जयनारायण
630 _aSाुंबक िSाकित्सा शास्त्र व प्रयोग
700 _aजायस्वाल जयनारायण
730 _aSाुंबक िSाकित्सा शास्त्र व प्रयोग
942 _cBOOK
999 _c312007
_d312007